Sports Quiz

Random Sports or WWE Quiz

Every #1 Draft Pick in WWE history Quiz Stats

 Plays Quiz not verified by Sporcle

Challenge
Share
Tweet
Embed
Score 0/12 Timer 03:00
0 Plays Today
Year Wrestler % Correct
2005John Cena
92.5%
2011John Cena
92.5%
2016Seth Rollins
87%
2002The Rock
76.4%
2008Rey Mysterio
40.1%
2006Rob Van Dam
36.8%
2007The Great Khali
31.6%
2018Jinder Mahal
28.3%
2009MVP
18.8%
2017Apollo Crews
16.8%
2004Renee Dupree
15.3%
2010Kelly Kelly
14.8%

You're not logged in!

Compare scores with friends on all Sporcle quizzes.
Join for Free
OR
Log In

You Might Also Like...

Show Comments

Extras

Top Quizzes Today


Score Distribution

Your Account Isn't Verified!

In order to create a playlist on Sporcle, you need to verify the email address you used during registration. Go to your Sporcle Settings to finish the process.

Report this User

Report this user for behavior that violates our Community Guidelines.

Details: